000 02407cam a2200445 4500
999 _c3898
_d3898
001 93075
003 OCoLC
005 20181123174335.0
008 701005s1970 ilu b 000 0 eng
010 _a70107472
020 _a0226458032
020 _a9780226458038
020 _a0226458040 (pbk.)
020 _a9780226458045 (pbk.)
035 _a.b11662839
035 _a(OCoLC)93075
_z(OCoLC)1033926
_z(OCoLC)1070294
_z(OCoLC)1718439
_z(OCoLC)4862704
_z(OCoLC)8342870
_z(OCoLC)14433321
_z(OCoLC)26567477
_z(OCoLC)40914720
_z(OCoLC)42817410
_z(OCoLC)76823293
040 _aDLC
_beng
_cDLC
_dIHS
_dYNG
_dLFM
_dNLM
_dVBM
_dCNB
_dEEM
_dFIL
_dCWS
_dEL$
_dMUQ
_dNLGGC
_dBTCTA
_dYDXCP
_dAGL
_dWY@
_dIAK
_dVPI
_dHEBIS
_dDEBBG
_dBHL
_dTPH
_dGBVCP
_dSJE
_dOCLCF
050 0 0 _aQ175
_b.K95 1970
060 0 0 _aQ 175
_bK96s 1970
070 0 _aQ175
_b.K95 1970
082 0 0 _a501
_bK96S
100 1 _aKuhn, Thomas S
245 1 4 _aThe structure of scientific revolutions /
_cby Thomas S. Kuhn
250 _a2nd ed., enl
260 _aChicago :
_bUniversity of Chicago Press,
_c1970
300 _axii, 210 p. ;
_c24 cm
490 1 _aInternational encyclopedia of unified science. Foundations of the unity of science, v. 2, no. 2
504 _aIncludes bibliographical references
505 0 _aIntroduction: A role for history -- The route to normal science -- The nature of normal science -- Normal science as puzzle-solving -- The priority of paradigms -- Anomaly and the emergence of scientific discoveries -- Crisis and the emergence of scientific theories -- The response to crisis -- The nature and necessity of scientific revolutions -- Revolutions as changes of world view -- The invisibility of revolutions -- The resolution of revolutions -- Progress through revolutions -- Postscript: 1969
520 _aAn analysis of the history of science. Its publication was a landmark event in the sociology of knowledge, and popularized the terms paradigm and paradigm shift
650 0 _aScience
_xPhilosophy
650 0 _aScience
_xHistory
650 2 _aPhilosophy
650 2 _aScience
_xhistory
650 2 _aScience
655 7 _aHistory.
_2fast
_0(OCoLC)fst01411628
776 0 8 _iOnline version:
_aKuhn, Thomas S.
_tStructure of scientific revolutions.
_b2nd ed., enl.
_dChicago : University of Chicago Press, 1970
_w(OCoLC)622899589
830 0 _aInternational encyclopedia of unified science ;
_vv. 2, no. 2
942 _2ddc
_cBK